| 000 | 00472nam a2200133Ia 4500 | ||
|---|---|---|---|
| 008 | 250506s9999 xx 000 0 und d | ||
| 024 | _a04B-56-EE, 04B-104-EE & 04B-116-EE | ||
| 082 | _a621.4830153072 MUH | ||
| 100 | _aMuhammad Talha Ilyas, Muhammad Baqar Hassan & Muhammad Azhar Amin | ||
| 245 | 0 | _aPLC Based Fire Fighting System for the Tanks Farm Area | |
| 260 |
_aKarachi: _bUIT, _c2004 |
||
| 600 | _aElectronic Engineering | ||
| 650 | _aBachelor of Engineering (BE) | ||
| 999 |
_c28163 _d28163 |
||